Cisco Internetwork Troubleshooting /
Guía para dar mantenimiento al hardware y solucionar problemas de los ruteadores e interruptores de red de Cisco; se divide en cuatro grandes áreas: metodología y herramientas para la solución de problemas; solución de problemas del enrutamiento y de los protocolos enrutados; solución de problemas c...
Salvato in:
| Autore principale: | |
|---|---|
| Altri autori: | |
| Natura: | Libro |
| Lingua: | inglese |
| Pubblicazione: |
Indianápolis, EUA :
Cisco,
2002, c2002
|
| Serie: | (Certification Self-Study Series)
|
| Soggetti: | |
| Tags: |
Nessun Tag, puoi essere il primo ad aggiungerne!!
|
MARC
| LEADER | 00000nam^a2200000^a^4500 | ||
|---|---|---|---|
| 001 | 000156354 | ||
| 005 | 20250521000000.0 | ||
| 009 | 20260310100501.089 | ||
| 020 | |a 1-57870-092-2 | ||
| 037 | |a Acervo ITESO - Biblioteca | ||
| 041 | |a ING | ||
| 082 | |a 621. 38217 |b CHA | ||
| 100 | |a Chappell, Laura |e (ed.) | ||
| 245 | 1 | 0 | |a Cisco Internetwork Troubleshooting / |c Ed. de L. Chappell, D. Farkas ; pról. de Thomas M. Kelly. |
| 264 | 4 | |a Indianápolis, EUA : |b Cisco, |c 2002, c2002 | |
| 300 | |a XVI, 604 p. | ||
| 336 | |a texto |b txt |2 rdacontenido | ||
| 337 | |a sin mediación |b n |2 rdamedio | ||
| 338 | |a volumen |b nc |2 rdasoporte | ||
| 440 | 1 | |a (Certification Self-Study Series) | |
| 520 | |a Guía para dar mantenimiento al hardware y solucionar problemas de los ruteadores e interruptores de red de Cisco; se divide en cuatro grandes áreas: metodología y herramientas para la solución de problemas; solución de problemas del enrutamiento y de los protocolos enrutados; solución de problemas con interruptores de campus y redes locales virtuales; solución de problemas de redes de área extensa. Esta obra forma parte de las múltiples guías de estudio que edita Cisco presentar su examen CCNP (Cisco Certified Network Professional). | ||
| 649 | |a XX | ||
| 650 | |a Ruteadores | ||
| 650 | |a Interruptores Eléctricos | ||
| 650 | |a Protocolos de Comunicación | ||
| 650 | |a Redes de Area Local | ||
| 650 | |a Redes de Area Extensa | ||
| 650 | |a Redes de Computadoras - |x Diseño y Construcción | ||
| 650 | |a Redes de Computadoras - |x Administración | ||
| 650 | |a Redes de Computadoras - |x Mantenimiento y Reparación | ||
| 650 | |a Redes de Comunicación - |x Diseño y Construcción | ||
| 650 | |a Redes de Comunicación - |x Administración | ||
| 650 | |a Redes de Comunicación - |x Mantenimiento y Reparación | ||
| 650 | |a Sistemas de Telecomunicación | ||
| 650 | |a Comunicación en Red | ||
| 650 | |a Telecomunicaciones | ||
| 650 | |a Comunicaciones y Tránsito | ||
| 650 | |a Ingeniería Computacional | ||
| 650 | |a Ingeniería Electrónica | ||
| 700 | |a Farkas, Dan |e (edición) | ||
| 910 | |a Fondo General | ||
| 920 | |a Impresos - Libros | ||
| 930 | |a Colección General | ||
| 905 | |a 101 | ||
| 901 | |a 0500084610 |b IT1 |c ACC |u 20250521 | ||
| 902 | |a https://opac.biblio.iteso.mx/vufind/Record/000156354 | ||